Обнаружение сигналов и их классификация с помощью распознавания образов; Дефектоскопия; № 4

Détails bibliographiques
Parent link:Дефектоскопия.— , 1965-.— 0130-3082
№ 4.— 2006.— С. 14-27
Auteur principal: Бархатов В. А.
Langue:russe
Publié: 2006
Collection:Акустические методы
Sujets:
Format: Chapitre de livre
KOHA link:https://koha.lib.tpu.ru/cgi-bin/koha/opac-detail.pl?biblionumber=428898

MARC

LEADER 00000naa2a2200000 4500
001 428898
005 20231101074858.0
035 |a (RuTPU)RU\TPU\prd\88538 
035 |a RU\TPU\prd\44233 
090 |a 428898 
100 |a 20101020a2006 k y0rusy50 ca 
101 0 |a rus 
102 |a RU 
200 1 |a Обнаружение сигналов и их классификация с помощью распознавания образов  |f В. А. Бархатов 
225 1 |a Акустические методы 
320 |a Библиогр.: 6 назв. 
461 0 |0 (RuTPU)RU\TPU\prd\151  |x 0130-3082  |t Дефектоскопия  |d 1965- 
463 0 |0 (RuTPU)RU\TPU\prd\88536  |t № 4  |v С. 14-27  |d 2006 
610 1 |a распознавание образов 
610 1 |a сигналы 
610 1 |a классификация 
610 1 |a обнаружение 
610 1 |a детерминированные нейронные сети 
610 1 |a искажения 
610 1 |a шумы 
610 1 |a помехи 
675 |a 620.179.16  |v 3 
700 1 |a Бархатов  |b В. А. 
801 1 |a RU  |b 63413507  |c 20060619  |g PSBO 
801 2 |a RU  |b 63413507  |c 20140123  |g RCR 
942 |c BK